| 000 | 02191nam a22002537a 4500 | ||
|---|---|---|---|
| 003 | AR-RoUNCS | ||
| 005 | 20260505161619.0 | ||
| 007 | ta | ||
| 008 | 260415s2011 ag ||||r|||| 00| j spa d | ||
| 020 | _a9789508086570 | ||
| 040 |
_aAR-RoUNCS _bspa _cAR-RoUNCS |
||
| 041 | _aspa | ||
| 080 | _082-34(821.6) | ||
| 100 |
_aBarat, Ebel _eautor |
||
| 245 | 1 | 0 |
_aRosario viaja con perros / _cEbel Barat. |
| 260 |
_aRosario : _bHomo Sapiens, _cc2011. |
||
| 300 |
_a210 p. ; _c22 cm. |
||
| 490 | _aCiudad y orilla | ||
| 505 | 0 | _aPalabras introductorias -- Joao -- La ruta de Ortiz -- Una dirección inesperada -- ¡Sucubu! -- El salmón -- La segunda obsesión de O’Harris -- Amistades -- Bicicletas -- Las islas -- Portobello street -- Popó -- Siempre allí -- El temor al desayuno -- La justificación del tiempo -- La guerra del fuego -- El carácter del lugar -- Rosario viaja con perros.- | |
| 520 | _aEbel Barat, poeta, narrador y ensayista, pertenece a la generación intermedia de autores rosarinos con una probada trayectoria de prepotencia del trabajo y calidad literaria. La selección de relatos con que integra nuestra colección remite a su condición de autor múltiple que para contar una historia será capaz de utilizar el lenguaje escrupuloso del poema y la mirada crítica o iluminadora del ensayo. Hay toda una galería de significantes y significados en estos cuentos: el modo de narrar va desde el discurso cuidado al léxico urbano y casual, pasando por la experiencia vanguardista. Asimismo, la temática combina lo fantástico, el humor, el suspenso y lo alegórico con la realidad cotidiana, a veces sórdida o epifánica gracias a una breve pero intensa ternura implícita. A esta variedad se suma la propia del ambiente, porque las historias pueden suceder tanto en Rosario como en lejanos lugares del mundo. Hay algo particular y auténtico en Ebel Barat escritor: su condición de dandy en el sentido en que lo define Baudelaire: la última hazaña posible, una búsqueda de distinción y de nobleza, de una aristocracia de la apariencia. Un dandy rosarino, claro. | ||
| 650 | 7 |
_aLiteratura argentina _2embne |
|
| 655 | 7 |
_aCuento _2embne |
|
| 942 |
_2udc _cOG _n0 |
||
| 999 |
_c987 _d987 |
||